Evaluación del desempeñó del concreto autonivelante para losas de contrapiso de vivienda típica

Bewaard in:
Bibliografische gegevens
Hoofdauteur: Webb Webb, Trihana María
Formaat: Boek
Taal:Spanish
Gepubliceerd in: [San José], Costa Rica 2015
Onderwerpen:
Tags: Voeg label toe
Geen labels, Wees de eerste die dit record labelt!

MARC

LEADER 00000nam a22000007a 4500
003 012260
005 20221231143913.0
008 150917b2015 cr a|||| |||| 00| 0 spa d
040 |c cru CEDI  
090 |a TFG 7424 
100 |9 1168  |a Webb Webb, Trihana María 
245 |a Evaluación del desempeñó del concreto autonivelante para losas de contrapiso de vivienda típica  
260 |a [San José], Costa Rica  |c 2015 
500 |a Proyecto de graduación (licenciatura en ingeniería civil)--Universidad de Costa Rica. Facultad de Ingeniería. Escuela de Ingeniería Civil 
650 |x LOSAS DE HORMIGON  |x PISOS DE HORMIGON  |9 1169 
942 |c TFG 
999 |c 14005  |d 14005